|
|
|
|
| LEADER |
00000nam a2200000 a 4500 |
| 001 |
UCO4371 |
| 003 |
CL-VaPUC |
| 008 |
000804e19970000CL |||||||||||||||||spa|d |
| 082 |
0 |
4 |
|a 181
|b VAR
|2 21
|
| 100 |
|
|
|a Varela García, Francisco Javier
|e autor
|9 563379
|
| 700 |
0 |
|
|a Hayward, Jeremy W
|e author
|9 448842
|
| 245 |
1 |
3 |
|a Un puente para dos miradas
|
| 300 |
|
|
|a 319 p
|
| 942 |
|
|
|c BK
|
| 945 |
|
|
|d 20000804 00:00:00
|a rbrito
|
| 260 |
|
|
|a Santiago
|b Dolmen
|c 1997
|
| 650 |
|
0 |
|a Filosofía oriental
|9 319113
|
| 650 |
|
7 |
|a BUDISMO
|2 CL-VaPUC
|9 448843
|
| 650 |
|
0 |
|a Psicología cognitiva
|9 306250
|
| 650 |
|
7 |
|a INTELIGENCIA ARTIFICIAL
|2 CL-VaPUC
|9 448844
|
| 650 |
|
0 |
|a Percepción
|9 266750
|
| 583 |
|
|
|a last modification
|c 20000804 00:00:00
|k Rodrigo Vera
|
| 999 |
|
|
|c 290421
|d 290419
|
| 952 |
|
|
|0 0
|1 0
|4 0
|6 181_000000000000000_VAR_1997
|7 0
|8 A
|9 339813
|a BIBGIM
|b BIBGIM
|d 2019-11-20
|i 3635457
|o 181 VAR 1997
|p 3635457
|r 2025-01-15
|w 2019-11-20
|y BK
|k ORI
|
| 952 |
|
|
|0 0
|1 0
|4 0
|6 181_000000000000000_VAR_1997
|7 0
|8 A
|9 339814
|a BIBEDU
|b BIBEDU
|d 2019-11-20
|i 3612805
|o 181 VAR 1997
|p 3612805
|r 2019-11-20
|w 2019-11-20
|y BK
|k PSI
|